000
00338nam a22001457a 4500
008
230616b ||||| |||| 00| 0 eng d
020
_a
978262031116
041
_a
eng
080
_2
VOLUME 1 VOLUME 2
_a
610.73
082
_a
610.73CAS
100
_a
8
101
_a
INF
245
_a
TALKING WITH PATIENTS
_c
CASSELL.J.E
942
_2
udc
_c
BK
999
_c
60010
_d
60010